000 00922cam a22002651 4500
001 5766
003 BD-RjUL
005 20211208234125.0
008 07 s1952 nyu 000 0 eng
035 _a(BD-RjUL)
035 _a(OCoLC)1457935
040 _aDLC
_cFM
_dOCoLC
_dNSyU
_dDLC
_beng
041 _aeng
082 _a342.73
_a320.9
_bCAA 1952
100 1 _aCarter, Edward W.
_q(Edward Weamer)
_918099
245 1 4 _aThe American Government and its work /
_c[by] Edward W. Carter [and] Charles C. Rohlfing.
260 _aNew York,
_bMacmillan
_c1952
300 _a875 p.
_c25 cm.
500 _a"Based on The new American Government and its work, by James T. Young."
651 0 _aUnited States
_xPolitics and government
_xHandbooks, manuals, etc.
_913840
700 1 _aYoung, James Thomas,
_d1873-
_tNew American Government and its work.
_918100
942 _2ddc
_cBK
999 _c5766
_d5766